| 000 | 00538nam a22001937a 4500 | ||
|---|---|---|---|
| 005 | 20250602112258.0 | ||
| 010 | _aENG-145083 | ||
| 020 |
_a9788190720342 _c180.00 |
||
| 035 | _aEN-128615 | ||
| 037 | _bDBAD | ||
| 082 |
_a005 _21 |
||
| 100 |
_aT. Ananda Prakash _981503 |
||
| 245 |
_aIntroduction of C++/ _cT. Ananda Prakash |
||
| 250 | _a1 | ||
| 260 |
_aChennai _bBala Books _c2008 |
||
| 270 |
_bChennai _aNo. 15, Ko.su.Mani Street. Choolaimedu |
||
| 300 |
_a187p. : _c20cm (pb) |
||
| 942 |
_2ddc _cEN _h005 _mTAN _e1 |
||
| 999 |
_c211481 _d211481 |
||